书目信息 |
| 题名: |
电商趋势下物流配送优化研究
|
|
| 作者: | 周亚蓉 著 | |
| 分册: | ||
| 出版信息: | 天津 天津科学技术出版社 2019 |
|
| 页数: | 160页 | |
| 开本: | 24cm | |
| 丛书名: | ||
| 单 册: | ||
| 中图分类: | F713.365.1 | |
| 科图分类: | ||
| 主题词: | 电子商务--dian zi shang wu--物资配送--研究 | |
| 电子资源: | ||
| ISBN: | 978-7-5576-6802-0 | |
| 000 | 00897nam0 2200229 450 | |
| 001 | 2133108103 | |
| 005 | 20211025190356.0 | |
| 010 | @a978-7-5576-6802-0@dCNY50.00 | |
| 100 | @a20191210d2019 em y0chiy0120 ea | |
| 101 | 0 | @achi |
| 102 | @aCN@b120000 | |
| 105 | @ay z 000yy | |
| 106 | @ar | |
| 200 | 1 | @a电商趋势下物流配送优化研究@Adian shang qu shi xia wu liu pei song you hua yan jiu@f周亚蓉著 |
| 210 | @a天津@c天津科学技术出版社@d2019 | |
| 215 | @a160页@d24cm | |
| 330 | @a本书共六章,主要内容包括:有关物流配送的基本知识、电子商务配送、电商趋势下物流配送服务的产生和发展、电商趋势下物流配送相关优化问题研究、电商趋势下快递物流宏观配送优化研究、电商趋势下快递物流微观路径配送优化研究。 | |
| 606 | 0 | @a电子商务@Adian zi shang wu@x物资配送@x研究 |
| 690 | @aF713.365.1@v5 | |
| 701 | 0 | @a周亚蓉@Azhou ya rong@4著 |
| 801 | 0 | @aCN@b百万庄@c20211025 |
| 905 | @b1312207-09@dF713.365.1@e1217@f3 | |
| 电商趋势下物流配送优化研究/周亚蓉著.-天津:天津科学技术出版社,2019 |
| 160页;24cm |
| ISBN 978-7-5576-6802-0:CNY50.00 |
| 本书共六章,主要内容包括:有关物流配送的基本知识、电子商务配送、电商趋势下物流配送服务的产生和发展、电商趋势下物流配送相关优化问题研究、电商趋势下快递物流宏观配送优化研究、电商趋势下快递物流微观路径配送优化研究。 |
| ● |
| 相关链接 |
|
|
|
|
正题名:电商趋势下物流配送优化研究
索取号:F713.365.1/1217
 
预约/预借
| 序号 | 登录号 | 条形码 | 馆藏地/架位号 | 状态 | 备注 |
| 1 | 1312207 | 213122075 | 第一样本阅览室/ [索取号:F713.365.1/1217] | 在馆 | |
| 2 | 1312208 | 213122084 | 第一借阅区/ [索取号:F713.365.1/1217] | 在馆 | |
| 3 | 1312209 | 213122093 | 第一借阅区/ [索取号:F713.365.1/1217] | 在馆 |